000 00285nam a2200121Ia 4500
008 190216s9999||||xx |||||||||||||| ||und||
100 _aKumarsen
245 0 _aIntroductory Economics
260 _bNew Central Book Agencies
_c1982
300 _a326p
650 _aEconomics
942 _cBK
999 _c9717
_d9717